| 000 | 01030nam a2200241 a 4500 | ||
|---|---|---|---|
| 001 | 44879 | ||
| 003 | BD-RjUL | ||
| 005 | 20230808145549.0 | ||
| 008 | 160720s1962 I a|||| |||| 00| 0 ben d | ||
| 020 | _c: TK 14.00 | ||
| 035 | _a(BD-RjUL)ben | ||
| 040 |
_aBD-RjUL _bben _cBD-RjUL |
||
| 041 | _aben | ||
| 082 |
_223 _a891.4408 _bBOB 1972 |
||
| 100 | 1 |
_aবন্দোপাধ্যায়, বিভূতিভূষণ _9126208 |
|
| 245 | 1 | 0 |
_aবিভূতি-রচনাবলী / _cবিভূতিভূষণ বন্দোপাধ্যায় |
| 260 |
_aকলিকাতা : _bমিত্র ও ঘোষ, _c১৯৭২ |
||
| 300 |
_a খণ্ড. _bচিত্র ; _c২৫ সেমি. |
||
| 505 | 0 | _a ৪খণ্ড --খণ্ড ৭ম-- খণ্ড ৮ম --খণ্ড ১১তম--খণ্ড ১৩তম -- | |
| 650 |
_aবাংলা সাহিত্য _xসংগ্রহমালা _9136852 |
||
| 650 |
_aBengali Literature _xCollected Works _9137523 |
||
| 942 |
_2ddc _cBK |
||
| 999 |
_c44879 _d44879 |
||